LEADER 01457nam0 22003733i 450 001 VAN0256018 005 20230525094049.829 017 70$2N$a9783540372677 100 $a20230320d1974 |0itac50 ba 101 $aeng 102 $aDE 105 $a|||| ||||| 200 1 $aDifferential Calculus in Locally Convex Spaces$fHans Heinrich Keller 210 $aBerlin$cSpringer$d1974 215 $a143 p.$d24 cm 461 1$1001VAN0102250$12001 $aLecture notes in mathematics$1210 $aBerlin [etc.]$cSpringer$v417 610 $aCalculus$9KW:K 610 $aClasses$9KW:K 610 $aConvex spaces$9KW:K 610 $aDifferential calculus$9KW:K 610 $aFunctions$9KW:K 610 $aLocally convex spaces$9KW:K 610 $aMapping$9KW:K 620 $dBerlin$3VANL000066 700 1$aKeller$bHans H.$3VANV209300$01339486 712 $aSpringer $3VANV108073$4650 801 $aIT$bSOL$c20240614$gRICA 856 4 $uhttps://doi.org/10.1007/BFb0070564$zE-book ? Accesso al full-text attraverso riconoscimento IP di Ateneo, proxy e/o Shibboleth 899 $aBIBLIOTECA DEL DIPARTIMENTO DI MATEMATICA E FISICA$1IT-CE0120$2VAN08 912 $fN 912 $aVAN0256018 950 $aBIBLIOTECA DEL DIPARTIMENTO DI MATEMATICA E FISICA$d08CONS e-book 5774 $e08eMF5774 20230407 996 $aDifferential Calculus in Locally Convex Spaces$93060622 997 $aUNICAMPANIA LEADER 02052nam0 22004933i 450 001 VAN00284889 005 20250327094933.796 017 70$2N$a9783031453120 100 $a20250117d2023 |0itac50 ba 101 $aeng 102 $aCH 105 $a|||| ||||| 181 $ai$b e 182 $ab 183 $acr 200 1 $aFacets of Noise$eEffects in Classical and Quantum Systems$fDebraj Das, Shamik Gupta 210 $aCham$cSpringer$d2023 215 $axx, 416 p.$cill.$d24 cm 410 1$1001VAN00045513$12001 $aFundamental theories of physics$1210 $aDordrecht [etc.]$cKluwer. $1300 $aL'editore varia in: Springer$v214 606 $a81-XX$xQuantum theory [MSC 2020]$3VANC019967$2MF 606 $a82-XX$xStatistical mechanics, structure of matter [MSC 2020]$3VANC021931$2MF 610 $aClassical Heisenberg Spins$9KW:K 610 $aInteracting Spin Systems$9KW:K 610 $aKuramoto model$9KW:K 610 $aLong-range Interacting Systems$9KW:K 610 $aNoisy Kuramoto Model$9KW:K 610 $aNonequilibrium Stationary State$9KW:K 610 $aQuantum Random Walk$9KW:K 610 $aRelaxation to Equilibrium$9KW:K 610 $aSpontaneous synchronization$9KW:K 610 $aStochastic Landau-Lifshitz-Gilbert Equation$9KW:K 610 $aVlasov Dynamics$9KW:K 620 $aCH$dCham$3VANL001889 700 1$aDas$bDebraj$3VANV238773$01631568 701 1$aGupta$bShamik$3VANV182260$01064361 712 $aSpringer $3VANV108073$4650 801 $aIT$bSOL$c20250328$gRICA 856 4 $uhttps://doi.org/10.1007/978-3-031-45312-0$zE-book ? Accesso al full-text attraverso riconoscimento IP di Ateneo, proxy e/o Shibboleth 899 $aBIBLIOTECA DEL DIPARTIMENTO DI MATEMATICA E FISICA$1IT-CE0120$2VAN08 912 $fN 912 $aVAN00284889 950 $aBIBLIOTECA DEL DIPARTIMENTO DI MATEMATICA E FISICA$d08DLOAD e-Book 10291 $e08eMF10291 20250124 996 $aFacets of Noise$94309951 997 $aUNICAMPANIA